Gaming Quiz

Random Gaming Quiz

Twilight Imperium 4 Faction Ability Names Quiz Stats

 Plays Quiz not verified by Sporcle

Support Sporcle.
Go Orange.
Score 0/37 Timer 10:00
0 Plays Today
Hint Answer % Correct
Federation of SolOrbital Drop
83.9%
L1Z1X MindnetHarrow
83.9%
Barony of LetnevArmada
80.6%
Mentak CoalitionPillage
80.6%
Mentak CoalitionAmbush
77.4%
Clan of SaarNomadic
71%
Emirates of HacanMasters of Trade
71%
Universities of Jol-NarFragile
71%
Xxcha KingdomQuash
71%
ArborecMitosis
67.7%
L1Z1X MindnetAssimilate
67.7%
Clan of SaarScavenge
61.3%
Ghosts of CreussSlipstream
58.1%
Nekro VirusGalactic Threat
58.1%
Yin BrotherhoodIndoctrination
58.1%
Federation of SolVersatile
54.8%
Naalu CollectiveForesight
54.8%
Universities of Jol-NarBrilliant
54.8%
WinnuBlood Ties
54.8%
Hint Answer % Correct
Yin BrotherhoodDevotion
54.8%
Yssaril TribesStall Tactics
54.8%
Embers of MuaatStar Forge
51.6%
Emirates of HacanGuild Ships
51.6%
Naalu CollectiveTelepathic
51.6%
Sardakk N'orrUnrelenting
51.6%
Universities of Jol-NarAnalytical
51.6%
Ghosts of CreussCreuss Gate
48.4%
Xxcha KingdomPeace Accords
48.4%
Barony of LetnevMunitions Reserves
45.2%
Emirates of HacanArbiters
45.2%
Nekro VirusTechnological Singularity
45.2%
Yssaril TribesCrafty
45.2%
Embers of MuaatGashlai Physiology
41.9%
Yssaril TribesScheming
38.7%
WinnuReclamation
35.5%
Ghosts of CreussQuantum Entanglement
29%
Nekro VirusPropagation
25.8%

You're not logged in!

Compare scores with friends on all Sporcle quizzes.
OR
Log In

From the Vault

When Did We Google That?

by skuban

One of these years, Sporcle will be a part of this, and then we'll all get Batmobiles. Yup, that's the plan.
Remove Ads.
Support Sporcle.
Get the best of Sporcle when you Go Orange. This ad-free experience offers more features, more stats, and more fun while also helping to support Sporcle. Thank you for becoming a member.

Show Comments

Extras

Created Jul 16, 2019ReportNominate
Tags:Ability, faction

Top Quizzes Today


Score Distribution

Your Account Isn't Verified!

In order to create a playlist on Sporcle, you need to verify the email address you used during registration. Go to your Sporcle Settings to finish the process.

Report this User

Report this user for behavior that violates our Community Guidelines.

Details: